000
00199 a2200109 4500
020
_a
0763522376
041
_a
spa
100
_a
Larmont, Iann
245
_a
La Granja
942
_c
BK
999
_c
29598
_d
29596
999
_d
29596